000 00498nam a2200157 a 4500
001 000031088
005 20200930062709.0
008 110613s2005 dr a 000 0 spa d
040 _aDO-SdBNP
_bspa
_cBNPHU
082 _axxxx
_bG943 BORRAR
245 0 0 _aGuía ciudadana paral el acceso a la información pública en la República Dominicana.
260 _aSanto Domingo :
_bParticipación Ciudadana,
_c2005.
300 _a27 cm. :
_bil. ;
_c18 p.
504 _aBibliografía : p. 28
049 _aBNPD
999 _c30580
_d30580